Avances y retos del seguro popular en Campeche y Guerrero /

Se discuten cambios, tendencias y evidencias que se han documentado hasta enero de 2007 en cuanto a indicadores de equidad y gobernanza en los programas de protección financiera institucional en algunos estados de México a partir del año 2003. el análisis se enfoca en los retos y desafíos que los al...

Deskribapen osoa

Gorde:
Xehetasun bibliografikoak
Egile nagusia: Orozco, Emanuel
Beste egile batzuk: Arredondo, Armando Reich, Michael
Formatua: Texto
Gaiak:
Etiketak: Etiketa erantsi
Etiketarik gabe, Izan zaitez lehena erregistro honi etiketa jartzen!

MARC

LEADER 00000 a a2200000 04500
001 17297
003
040
100 |a Orozco, Emanuel  
245 |a Avances y retos del seguro popular en Campeche y Guerrero /  |c Emanuel Orozco ; Armando Arredondo ; Michael Reich 
520 |a Se discuten cambios, tendencias y evidencias que se han documentado hasta enero de 2007 en cuanto a indicadores de equidad y gobernanza en los programas de protección financiera institucional en algunos estados de México a partir del año 2003. el análisis se enfoca en los retos y desafíos que los alcances y limitaciones en equidad , protección financiera y gobernanza han tenido y tendrán para el avance de los sistemas estatales de salud desde la perspectiva del Sistema de Protección Social en Salud  
650 |a SALUD PUBLICA  
650 |a SISTEMA DE SALUD  
650 |a SISTEMA SOCIAL  
650 |a MEXICO  
700 |a Arredondo, Armando   |a Reich, Michael  
773 |g volumen 49 Edición Espe; páginas 180-181  
999 |c 35793  |d 35793